000 00449nam a2200169Ia 4500
008 160319s9999 xx 000 0 und d
245 _aMy favorite recipes /
260 _aQuezon City :
260 _bGMA Records Home Video, 
260 _c2009
300 _a1 DVD-video (120 min.) :
300 _bdigital, sound, color ;
300 _c4 3/4 in.
650 _aCookery, Philippines.
650 _aCooking.
700 _aAnastacio, Aileen.
999 _c292563
_d292563